[Event "Ruhrgebiet Verbandsliga1 1011"]
[Site "Nordrheinwestfalen"]
[Date "2011.02.06"]
[Round "6.6"]
[White "Bracht, Michael"]
[Black "Schueppel, Werner"]
[Result "1-0"]
[WhiteElo "1940"]
[BlackElo "1882"]
[PlyCount "137"]
[EventDate "2011.09.12"]
[EventType "team-tourn"]
[EventRounds "9"]
[EventCountry "GER"]
[SourceTitle "EXT 2020"]
[Source "ChessBase"]
[SourceDate "2019.10.17"]
[SourceVersion "1"]
[SourceVersionDate "2019.10.17"]
[SourceQuality "1"]
[WhiteTeam "Doppelbauer Brambauer"]
[BlackTeam "Kirchhellen SF"]
[WhiteTeamCountry "GER"]
[BlackTeamCountry "GER"]

1. d4 g6 2. Bf4 Bg7 3. e3 d6 4. Nf3 Nd7 5. Bc4 e6 6. c3 Ngf6 7. h3 0-0 8. Na3 a6 9. Qe2 b5 10. Bb3 Qe7 11. Rd1 Bb7 12. Bc2 e5 13. dxe5 dxe5 14. Bh2 e4 15. Nd2 c5 16. Nb3 Ne5 17. Bxe5 Qxe5 18. Nb1 Rfc8 19. 0-0 Bf8 20. N1d2 Bd6 21. f4 Qe7 22. Rfe1 Bc7 23. Nf1 Bc6 24. Qf2 a5 25. Qh4 Kg7 26. Qg5 Bb6 27. Ng3 Kf8 28. Qh6+ Kg8 29. Qg5 Kf8 30. Nd2 Re8 31. Qh6+ Kg8 32. f5 Qe5 33. Ndf1 gxf5 34. Rd6 Re6 35. Red1 Bc7 36. Rxe6 fxe6 37. Ne2 Be8 38. Nf4 Rd8 39. Rc1 Rd7 40. a4 Rg7 41. Bd1 bxa4 42. Be2 Qd6 43. Qxf6 Qe7 44. Qxe6+ Qxe6 45. Nxe6 Re7 46. Nxc7 Rxc7 47. Nd2 Rb7 48. Nc4 Bf7 49. Ra1 Kf8 50. Rxa4 Bxc4 51. Bxc4 Rxb2 52. Rxa5 Rc2 53. Rxc5 Rxc3 54. Rxf5+ Kg7 55. Bd5 Rxe3 56. Re5 h6 57. Rxe4 Rd3 58. Rg4+ Kf6 59. Be4 Rd4 60. h4 h5 61. Rg6+ Kf7 62. Bc2 Rxh4 63. Rc6 Rg4 64. Bd1 Rg5 65. Rh6 Re5 66. Bf3 Ra5 67. Rxh5 Ra3 68. Rh6 Kg7 69. Rb6 1-0

[Event "Ruhrgebiet VL1 0910"]
[Site "Germany"]
[Date "2009.12.06"]
[Round "4.8"]
[White "Bracht, Michael"]
[Black "Schroeder, Wilfried"]
[Result "0-1"]
[WhiteElo "1943"]
[BlackElo "2127"]
[PlyCount "138"]
[EventDate "2009.09.06"]
[EventType "team-tourn"]
[EventRounds "9"]
[EventCountry "GER"]
[SourceTitle "EXT 2011"]
[Source "ChessBase"]
[SourceDate "2010.11.26"]
[SourceVersion "1"]
[SourceVersionDate "2010.11.26"]
[SourceQuality "1"]
[WhiteTeam "Brambauer"]
[BlackTeam "Wattenscheid IV"]
[WhiteTeamCountry "GER"]
[BlackTeamCountry "GER"]

1. d4 d5 2. Nf3 e6 3. Bf4 Bd6 4. Bg3 Nf6 5. e3 Ne4 6. Nbd2 f5 7. c4 b6 8. a3 a5 9. Nxe4 fxe4 10. Ne5 0-0 11. Qg4 Qf6 12. Rc1 Nd7 13. Nxd7 Bxd7 14. Rc2 Qe7 15. Bxd6 Qxd6 16. Qg3 Qxg3 17. hxg3 c6 18. Be2 Rac8 19. f3 exf3 20. gxf3 c5 21. f4 cxd4 22. exd4 dxc4 23. Bxc4 h6 24. Rhh2 Kf7 25. Rhe2 Kf6 26. Bd3 Rfd8 27. Kf2 Bc6 28. Ke3 Bb7 29. Rc3 Ke7 30. Rec2 Kd6 31. Be4 Rxc3+ 32. Rxc3 Bd5 33. Bxd5 exd5 34. Kf3 Re8 35. b3 Re4 36. Rd3 Kc6 37. Kg4 g5 38. Kf5 gxf4 39. gxf4 Kd6 40. Rh3 Rxd4 41. Rxh6+ Kc5 42. Rh3 Re4 43. Rd3 Re1 44. Kg6 Rg1+ 45. Kf6 d4 46. Rh3 Kd5 47. Kf5 Rg8 48. Rh7 Rf8+ 49. Kg5 Ke4 50. Re7+ Kf3 51. f5 d3 52. f6 d2 53. Rd7 Ke2 54. Re7+ Kd3 55. Rd7+ Kc2 56. Rc7+ Kxb3 57. Rd7 Kxa3 58. Rxd2 b5 59. Rd5 Ka4 60. Kg6 b4 61. Kg7 Rxf6 62. Kxf6 b3 63. Ke5 b2 64. Rd1 Kb3 65. Rh1 a4 66. Kd4 a3 67. Rh3+ Ka2 68. Rh2 Ka1 69. Rh3 a2 0-1

[Event "Ruhrgebiet VK1 9900"]
[Site "Ruhrgebiet"]
[Date "2000.05.21"]
[Round "9"]
[White "Pickardt, Dominik"]
[Black "Bracht, Michael"]
[Result "0-1"]
[WhiteElo "1488"]
[BlackElo "1767"]
[PlyCount "66"]
[EventDate "1999.09.19"]
[EventType "team-tourn"]
[EventRounds "9"]
[EventCountry "GER"]
[SourceTitle "EXT 2024"]
[Source "ChessBase"]
[SourceDate "2023.10.10"]
[SourceVersion "1"]
[SourceVersionDate "2023.10.10"]
[SourceQuality "1"]

1. Nf3 d5 2. c4 e6 3. g3 Nf6 4. Bg2 Be7 5. b3 0-0 6. Bb2 c5 7. 0-0 Nc6 8. e3 dxc4 9. bxc4 Qb6 10. Qb3 Qxb3 11. axb3 Nb4 12. d4 Rd8 13. Nc3 cxd4 14. exd4 Nd3 15. Ba3 Bxa3 16. Rxa3 Bd7 17. Ne5 Nxe5 18. dxe5 Ng4 19. Bxb7 Rab8 20. Rxa7 Nxe5 21. Rd1 h5 22. Ne4 Nc6 23. Bxc6 Bxc6 24. Rxd8+ Rxd8 25. f3 Rd3 26. Nc5 Rc3 27. f4 Bf3 28. Ra5 Bd1 29. Rb5 Bg4 30. Na4 Rc2 31. c5 Bh3 32. b4 Rg2+ 33. Kh1 Rf2 0-1